Paracelso (Record no. 128880)

MARC details
000 -LEADER
campo de control de longitud fija 00701nam a2200217 i 4500
001 - NÚMERO DE CONTROL
campo de control 128880
003 - IDENTIFICADOR DE NÚMERO DE CONTROL
campo de control ES-MaACL
005 - FECHA Y HORA DE LA ÚLTIMA TRANSACCIÓN
campo de control 20230906193400.0
007 - CAMPO FIJO DE DESCRIPCIÓN FÍSICA--INFORMACIÓN GENERAL
campo de control de longitud fija t|
008 - DATOS DE LONGITUD FIJA--INFORMACIÓN GENERAL
campo de control de longitud fija 070529s1948 ag ||||1| spa d
100 1# - ENTRADA PRINCIPAL--NOMBRE DE PERSONA
Nombre de persona Telepneff, Basilio de.
9 (RLIN) 109609
245 10 - MENCIÓN DEL TÍTULO
Título Paracelso
Resto del título : genio incomprendido en una época agitada /
Mención de responsabilidad, etc. Basilio de Telepneff ; [traducción de J. Novo Cerro].
260 ## - PUBLICACIÓN, DISTRIBUCIÓN, ETC.
Lugar de publicación, distribución, etc. Buenos Aires :
Nombre del editor, distribuidor, etc. Ibero-Americana,
Fecha de publicación, distribución, etc. [1948]
300 ## - DESCRIPCIÓN FÍSICA
Extensión 109 p. :
Otras características físicas il. ;
Dimensiones 19 cm.
490 1# - MENCIÓN DE SERIE
Mención de serie Col. Infinito ;
Designación de volumen o secuencia 502
600 04 - PUNTO DE ACCESO ADICIONAL DE MATERIA--NOMBRE DE PERSONA
Nombre de persona Paracelsus.
9 (RLIN) 88902
700 1# - ENTRADA AGREGADA--NOMBRE PERSONAL
Nombre de persona Novo Cerro, J.
9 (RLIN) 86086
830 0# - PUNTO DE ACCESO ADICIONAL DE SERIE-TÍTULO UNIFORME
Título uniforme Col. Infinito ;
Designación de volumen o secuencia 502
9 (RLIN) 219304
852 ## - LOCALIZACIÓN
Ubicación ES-MaACL
Número de control de estantería E-508
Sublocalización o colección R.28622
Holdings
Estatus retirado Estado de pérdida Estado de daño No para préstamo Biblioteca de origen Biblioteca actual Ubicación en estantería Fecha de adquisición Fuente de adquisición Total de préstamos Signatura topográfica completa Código de barras Visto por última vez Precio de reemplazo Tipo de ítem Koha
        Biblioteca del Ateneo de Madrid Biblioteca del Ateneo de Madrid Depósito 2 17/01/2008     E-508 1134215 23/02/2023 23/02/2023 Libro impreso